Nota Kursus Penilaian Hartanah Khas 13.10.86 - 25.10.86

Bibliographic Details
Format: Book
Subjects:
Online Access:http://app.inspen.gov.my:7779/pls/portal/docs/PAGE/CORPORATEPAGES/PORTAL_INSPEN/NOTA_KURSUS/PH/XW.PDF

MARC

LEADER 00000cam a2200000 7i4500
001 0000006107
005 20071119.0
040 |a INS 
090 0 0 |a PH2 
245 0 0 |a Nota Kursus Penilaian Hartanah Khas 13.10.86 - 25.10.86 
500 |a Digital document is available on-line; Please click the URL below 
650 0 0 |a Pengurusan Harta 
856 |u http://app.inspen.gov.my:7779/pls/portal/docs/PAGE/CORPORATEPAGES/PORTAL_INSPEN/NOTA_KURSUS/PH/XW.PDF 
999 |a PH00000003   |b BOOK   |c Course Notes   |e Default branch